| 000 | 00502nam a2200145 a 4500 | ||
|---|---|---|---|
| 001 | 000043858 | ||
| 005 | 20201002045017.0 | ||
| 008 | 140507s1987 sp c 000 0 spa d | ||
| 040 |
_aDO-SdBNP _bspa _cBNPHU |
||
| 100 | 1 |
_aSanz y Ruiz de la Peña, Nicodemes _971727 |
|
| 245 | 1 | 3 |
_aLa Casa de Cervantes en Valladolid : _bnoticia historica y guía / _cN. Sanz Ruiz De la Peña. |
| 250 | _a3a. ed. | ||
| 260 |
_aValladolid, España : _bFundaciones Vega - Inclan, _c1987. |
||
| 300 |
_a47 p. : _bretrs. ; _c22 cm. |
||
| 999 |
_c43347 _d43347 |
||